[Event "Championnat de Belgique \"Experts\" 2018"]
[Site "Roux, Belgium"]
[Date "2018.08.01"]
[Round "6.2"]
[White "Hautot, Stéphane"]
[Black "Malakhatko, Vadim"]
[Result "0-1"]
[WhiteTitle "IM"]
[BlackTitle "GM"]
[WhiteElo "2338"]
[BlackElo "2499"]

1. Nf3 {[%clk 01:25:45]} {[%emt 00:05:14]} Nf6 {[%clk 01:30:19]} {[%emt
00:00:41]} 2. g3 {[%clk 01:26:09]} {[%emt 00:00:07]} d5 {[%clk 01:30:27]}
{[%emt 00:00:21]} 3. Bg2 {[%clk 01:26:30]} {[%emt 00:00:09]} c6 {[%clk
01:30:51]} {[%emt 00:00:05]} 4. O-O {[%clk 01:26:52]} {[%emt 00:00:09]} Bf5
{[%clk 01:31:14]} {[%emt 00:00:06]} 5. d3 {[%clk 01:27:12]} {[%emt 00:00:11]}
h6 {[%clk 01:30:58]} {[%emt 00:00:46]} 6. Nbd2 {[%clk 01:27:31]} {[%emt
00:00:12]} e6 {[%clk 01:31:05]} {[%emt 00:00:22]} 7. Qe1 {[%clk 01:27:39]}
{[%emt 00:00:22]} Be7 {[%clk 01:31:23]} {[%emt 00:00:11]} 8. e4 {[%clk
01:27:28]} {[%emt 00:00:42]} Bh7 {[%clk 01:31:46]} {[%emt 00:00:06]} 9. Kh1
{[%clk 01:26:43]} {[%emt 00:01:15]} O-O {[%clk 01:29:32]} {[%emt 00:02:44]} 10.
Ne5 {[%clk 01:26:55]} {[%emt 00:00:19]} Na6 {[%clk 01:28:04]} {[%emt 00:01:57]}
11. f4 {[%clk 01:18:38]} {[%emt 00:08:47]} Nc5 {[%clk 01:26:04]} {[%emt
00:02:30]} 12. g4 {[%clk 01:01:33]} {[%emt 00:17:35]} Ne8 {[%clk 01:18:52]}
{[%emt 00:07:41]} 13. Nef3 {[%clk 00:40:50]} {[%emt 00:21:14]} dxe4 {[%clk
01:16:36]} {[%emt 00:02:45]} 14. dxe4 {[%clk 00:41:13]} {[%emt 00:00:08]} Nd6
{[%clk 01:17:01]} {[%emt 00:00:04]} 15. Ng1 {[%clk 00:30:31]} {[%emt 00:11:13]}
Qa5 {[%clk 01:01:10]} {[%emt 00:16:21]} 16. Qe3 {[%clk 00:16:51]} {[%emt
00:14:10]} Rad8 {[%clk 00:48:51]} {[%emt 00:12:48]} 17. Ne2 {[%clk 00:12:28]}
{[%emt 00:04:54]} Qb6 {[%clk 00:33:12]} {[%emt 00:16:09]} 18. Nc3 {[%clk
00:08:15]} {[%emt 00:04:44]} Nb5 {[%clk 00:18:00]} {[%emt 00:15:41]} 19. Nxb5
{[%clk 00:07:07]} {[%emt 00:01:39]} Qxb5 {[%clk 00:18:07]} {[%emt 00:00:23]} 20.
b3 {[%clk 00:06:07]} {[%emt 00:01:31]} Bf6 {[%clk 00:07:10]} {[%emt 00:11:27]}
21. e5 {[%clk 00:06:21]} {[%emt 00:00:16]} Be7 {[%clk 00:07:35]} {[%emt
00:00:04]} 22. a4 {[%clk 00:02:41]} {[%emt 00:04:12]} Qa6 {[%clk 00:03:44]}
{[%emt 00:04:20]} 23. Ra2 {[%clk 00:01:46]} {[%emt 00:01:26]} Nd7 {[%clk
00:02:18]} {[%emt 00:01:55]} 24. Nc4 {[%clk 00:02:00]} {[%emt 00:00:16]} Nb6
{[%clk 00:02:25]} {[%emt 00:00:23]} 25. Nd6 {[%clk 00:02:08]} {[%emt 00:00:23]}
Nd5 {[%clk 00:02:23]} {[%emt 00:00:31]} 26. Qc5 {[%clk 00:00:54]} {[%emt
00:01:45]} Bxd6 {[%clk 00:01:57]} {[%emt 00:00:55]} 27. exd6 {[%clk 00:01:22]}
{[%emt 00:00:02]} Qe2 {[%clk 00:01:14]} {[%emt 00:01:12]} 28. h3 {[%clk
00:01:02]} {[%emt 00:00:51]} Be4 {[%clk 00:01:33]} {[%emt 00:00:10]} 29. Qf2
{[%clk 00:01:23]} {[%emt 00:00:09]} Qxf2 {[%clk 00:01:15]} {[%emt 00:00:48]} 30.
Rxf2 {[%clk 00:01:52]} {[%emt 00:00:02]} Nc3 {[%clk 00:00:59]} {[%emt
00:00:45]} 31. Ra1 {[%clk 00:01:56]} {[%emt 00:00:26]} Bxg2 {[%clk 00:01:14]}
{[%emt 00:00:14]} 32. Rxg2 {[%clk 00:02:21]} {[%emt 00:00:05]} c5 {[%clk
00:01:26]} {[%emt 00:00:18]} 33. Ba3 {[%clk 00:01:06]} {[%emt 00:01:46]} b6
{[%clk 00:01:50]} {[%emt 00:00:05]} 34. b4 {[%clk 00:01:09]} {[%emt 00:00:27]}
Nxa4 {[%clk 00:01:32]} {[%emt 00:00:48]} 35. bxc5 {[%clk 00:00:38]} {[%emt
00:01:02]} bxc5 {[%clk 00:01:08]} {[%emt 00:00:53]} 36. Bc1 {[%clk 00:00:49]}
{[%emt 00:00:20]} Nc3 {[%clk 00:01:29]} {[%emt 00:00:09]} 37. Be3 {[%clk
00:01:04]} {[%emt 00:00:14]} Ne4 {[%clk 00:01:54]} {[%emt 00:00:04]} 38. Ra4
{[%clk 00:01:20]} {[%emt 00:00:14]} f5 {[%clk 00:01:42]} {[%emt 00:00:42]} 39.
Rxa7 {[%clk 00:00:36]} {[%emt 00:01:15]} Rf7 {[%clk 00:01:54]} {[%emt
00:00:18]} 40. Ra6 {[%clk 00:00:33]} {[%emt 00:00:33]} Rfd7 {[%clk 00:01:58]}
{[%emt 00:00:25]} 41. Bc1 {[%clk 00:26:30]} {[%emt 00:04:34]} Rxd6 {[%clk
00:31:32]} {[%emt 00:00:56]} 42. Rxd6 {[%clk 00:26:33]} {[%emt 00:00:27]} Rxd6
{[%clk 00:31:56]} {[%emt 00:00:05]} 43. Bb2 {[%clk 00:26:30]} {[%emt 00:00:33]}
g6 {[%clk 00:27:23]} {[%emt 00:05:02]} 44. Kh2 {[%clk 00:25:25]} {[%emt
00:01:36]} Kf7 {[%clk 00:27:26]} {[%emt 00:00:26]} 45. Be5 {[%clk 00:22:15]}
{[%emt 00:03:40]} Rd1 {[%clk 00:25:01]} {[%emt 00:02:55]} 46. Re2 {[%clk
00:22:20]} {[%emt 00:00:25]} Ke7 {[%clk 00:22:19]} {[%emt 00:03:11]} 47. Kg2
{[%clk 00:21:53]} {[%emt 00:00:58]} Kd7 {[%clk 00:22:17]} {[%emt 00:00:32]} 48.
Kf3 {[%clk 00:21:37]} {[%emt 00:00:46]} Kc6 {[%clk 00:21:28]} {[%emt 00:01:19]}
49. Rg2 {[%clk 00:20:22]} {[%emt 00:01:45]} Rd2 {[%clk 00:12:30]} {[%emt
00:09:28]} 50. Rxd2 {[%clk 00:20:17]} {[%emt 00:00:35]} Nxd2+ {[%clk 00:12:56]}
{[%emt 00:00:04]} 51. Kg3 {[%clk 00:14:26]} {[%emt 00:06:20]} Ne4+ {[%clk
00:12:53]} {[%emt 00:00:33]} 52. Kf3 {[%clk 00:13:32]} {[%emt 00:01:25]} Kd5
{[%clk 00:13:15]} {[%emt 00:00:07]} 53. Bg7 {[%clk 00:13:48]} {[%emt 00:00:15]}
h5 {[%clk 00:12:10]} {[%emt 00:01:35]} 54. gxh5 {[%clk 00:13:57]} {[%emt
00:00:22]} gxh5 {[%clk 00:12:34]} {[%emt 00:00:05]} 55. Be5 {[%clk 00:12:23]}
{[%emt 00:02:05]} Kc4 {[%clk 00:09:55]} {[%emt 00:03:08]} 56. Bg7 {[%clk
00:12:05]} {[%emt 00:00:48]} Nc3 {[%clk 00:07:54]} {[%emt 00:02:31]} 57. Be5
{[%clk 00:11:33]} {[%emt 00:01:02]} Ne4 {[%clk 00:05:01]} {[%emt 00:03:22]} 58.
Bg7 {[%clk 00:11:54]} {[%emt 00:00:09]} Kd5 {[%clk 00:05:12]} {[%emt 00:00:19]}
59. Be5 {[%clk 00:08:47]} {[%emt 00:03:37]} Nd2+ {[%clk 00:05:35]} {[%emt
00:00:07]} 60. Kg3 {[%clk 00:09:10]} {[%emt 00:00:08]} h4+ {[%clk 00:03:49]}
{[%emt 00:02:17]} 61. Kf2 {[%clk 00:07:35]} {[%emt 00:02:04]} Ke4 {[%clk
00:03:56]} {[%emt 00:00:22]} 62. Ke2 {[%clk 00:07:55]} {[%emt 00:00:11]} Nf3
{[%clk 00:04:01]} {[%emt 00:00:24]} 63. Bd6 {[%clk 00:08:12]} {[%emt 00:00:14]}
Ng1+ {[%clk 00:03:42]} {[%emt 00:00:48]} 64. Kf1 {[%clk 00:08:34]} {[%emt
00:00:09]} Nxh3 {[%clk 00:03:56]} {[%emt 00:00:15]} 0-1

[Event "Championnat de Belgique \"Experts\" 2018"]
[Site "Roux, Belgium"]
[Date "2018.08.01"]
[Round "6.1"]
[White "Hovhannisyan, Mher"]
[Black "Sadkowski, Daniel"]
[Result "1-0"]
[WhiteTitle "IM"]
[BlackTitle "FM"]
[WhiteElo "2456"]
[BlackElo "2235"]

1. Nf3 {[%clk 01:30:51]} {[%emt 00:00:09]} d5 {[%clk 01:30:46]} {[%emt
00:00:14]} 2. g3 {[%clk 01:30:43]} {[%emt 00:00:38]} Bg4 {[%clk 01:28:09]}
{[%emt 00:03:06]} 3. Bg2 {[%clk 01:30:42]} {[%emt 00:00:32]} Nd7 {[%clk
01:28:29]} {[%emt 00:00:09]} 4. O-O {[%clk 01:29:23]} {[%emt 00:01:49]} e6
{[%clk 01:28:35]} {[%emt 00:00:24]} 5. d3 {[%clk 01:28:04]} {[%emt 00:01:49]}
Bd6 {[%clk 01:28:17]} {[%emt 00:00:48]} 6. c4 {[%clk 01:27:29]} {[%emt
00:01:06]} c6 {[%clk 01:28:29]} {[%emt 00:00:18]} 7. cxd5 {[%clk 01:26:17]}
{[%emt 00:01:42]} cxd5 {[%clk 01:27:40]} {[%emt 00:01:18]} 8. Nc3 {[%clk
01:21:12]} {[%emt 00:05:36]} Ne7 {[%clk 01:26:24]} {[%emt 00:01:45]} 9. Qa4
{[%clk 01:17:22]} {[%emt 00:04:21]} Bh5 {[%clk 01:21:18]} {[%emt 00:05:35]} 10.
e4 {[%clk 01:06:52]} {[%emt 00:11:00]} O-O {[%clk 01:21:00]} {[%emt 00:00:49]}
11. exd5 {[%clk 01:04:04]} {[%emt 00:03:18]} Nxd5 {[%clk 01:06:48]} {[%emt
00:14:42]} 12. Nxd5 {[%clk 01:03:07]} {[%emt 00:01:27]} exd5 {[%clk 01:07:13]}
{[%emt 00:00:05]} 13. Qb3 {[%clk 01:01:59]} {[%emt 00:01:37]} Nb6 {[%clk
01:04:09]} {[%emt 00:03:34]} 14. a4 {[%clk 01:00:34]} {[%emt 00:01:56]} a5
{[%clk 00:57:55]} {[%emt 00:06:44]} 15. Qb5 {[%clk 00:53:27]} {[%emt 00:07:36]}
Bb4 {[%clk 00:51:51]} {[%emt 00:06:34]} 16. Be3 {[%clk 00:51:57]} {[%emt
00:02:01]} Ra6 {[%clk 00:52:05]} {[%emt 00:00:16]} 17. Nd4 {[%clk 00:46:16]}
{[%emt 00:06:11]} Qd6 {[%clk 00:38:06]} {[%emt 00:14:29]} 18. Nc2 {[%clk
00:42:40]} {[%emt 00:04:06]} Rfa8 {[%clk 00:30:10]} {[%emt 00:08:26]} 19. Nxb4
{[%clk 00:39:09]} {[%emt 00:04:02]} axb4 {[%clk 00:30:30]} {[%emt 00:00:11]} 20.
a5 {[%clk 00:38:23]} {[%emt 00:01:16]} Nd7 {[%clk 00:29:43]} {[%emt 00:01:16]}
21. Bxd5 {[%clk 00:35:12]} {[%emt 00:03:41]} Be2 {[%clk 00:22:23]} {[%emt
00:07:50]} 22. Bf4 {[%clk 00:28:12]} {[%emt 00:07:30]} Qg6 {[%clk 00:14:55]}
{[%emt 00:07:58]} 23. Qxd7 {[%clk 00:24:16]} {[%emt 00:04:26]} 1-0

[Event "Championnat de Belgique \"Experts\" 2018"]
[Site "Roux, Belgium"]
[Date "2018.08.01"]
[Round "6.4"]
[White "Dgebuadze, Alexandre"]
[Black "Docx, Stefan"]
[Result "1/2-1/2"]
[WhiteTitle "GM"]
[BlackTitle "IM"]
[WhiteElo "2519"]
[BlackElo "2444"]

1. c4 {[%clk 01:30:30]} {[%emt 00:00:30]} Nf6 {[%clk 01:30:07]} {[%emt
00:00:50]} 2. Nc3 {[%clk 01:30:49]} {[%emt 00:00:14]} e6 {[%clk 01:30:25]}
{[%emt 00:00:12]} 3. Nf3 {[%clk 01:29:56]} {[%emt 00:01:23]} d5 {[%clk
01:30:49]} {[%emt 00:00:06]} 4. cxd5 {[%clk 01:29:27]} {[%emt 00:01:00]} exd5
{[%clk 01:31:03]} {[%emt 00:00:15]} 5. d4 {[%clk 01:29:49]} {[%emt 00:00:08]}
c6 {[%clk 01:30:33]} {[%emt 00:00:59]} 6. Bg5 {[%clk 01:22:55]} {[%emt
00:07:25]} h6 {[%clk 01:28:13]} {[%emt 00:02:49]} 7. Bf4 {[%clk 01:20:29]}
{[%emt 00:02:57]} Bd6 {[%clk 01:27:16]} {[%emt 00:01:27]} 8. Bxd6 {[%clk
01:20:25]} {[%emt 00:00:36]} Qxd6 {[%clk 01:27:38]} {[%emt 00:00:07]} 9. e3
{[%clk 01:20:47]} {[%emt 00:00:09]} Bf5 {[%clk 01:27:10]} {[%emt 00:00:56]} 10.
Bd3 {[%clk 01:17:24]} {[%emt 00:03:55]} Bxd3 {[%clk 01:26:20]} {[%emt
00:01:20]} 11. Qxd3 {[%clk 01:17:50]} {[%emt 00:00:04]} Nbd7 {[%clk 01:26:20]}
{[%emt 00:00:28]} 12. a3 {[%clk 01:15:20]} {[%emt 00:03:02]} a5 {[%clk
01:22:51]} {[%emt 00:03:58]} 13. O-O {[%clk 01:14:26]} {[%emt 00:01:25]} O-O
{[%clk 01:23:14]} {[%emt 00:00:07]} 14. h3 {[%clk 01:12:56]} {[%emt 00:02:00]}
Rfe8 {[%clk 01:21:52]} {[%emt 00:01:52]} 15. Nd2 {[%clk 01:07:53]} {[%emt
00:05:34]} Nb6 {[%clk 01:07:13]} {[%emt 00:15:08]} 16. Rfe1 {[%clk 01:01:57]}
{[%emt 00:06:26]} Re7 {[%clk 01:05:10]} {[%emt 00:02:32]} 17. Qc2 {[%clk
00:55:25]} {[%emt 00:07:03]} Ree8 {[%clk 01:00:59]} {[%emt 00:04:41]} 18. Rac1
{[%clk 00:48:15]} {[%emt 00:07:40]} Nfd7 {[%clk 00:56:59]} {[%emt 00:04:30]} 19.
Ne2 {[%clk 00:46:16]} {[%emt 00:02:30]} Nc8 {[%clk 00:55:23]} {[%emt 00:02:06]}
20. Ng3 {[%clk 00:36:57]} {[%emt 00:09:49]} Ne7 {[%clk 00:55:29]} {[%emt
00:00:24]} 21. Nf3 {[%clk 00:31:02]} {[%emt 00:06:26]} a4 {[%clk 00:47:09]}
{[%emt 00:08:49]} 22. e4 {[%clk 00:23:25]} {[%emt 00:08:06]} dxe4 {[%clk
00:47:19]} {[%emt 00:00:20]} 23. Nxe4 {[%clk 00:23:29]} {[%emt 00:00:27]} Qd5
{[%clk 00:45:36]} {[%emt 00:02:12]} 24. Nc3 {[%clk 00:22:24]} {[%emt 00:01:37]}
Qc4 {[%clk 00:44:07]} {[%emt 00:01:59]} 25. Ne5 {[%clk 00:14:20]} {[%emt
00:08:34]} Nxe5 {[%clk 00:43:37]} {[%emt 00:00:59]} 26. dxe5 {[%clk 00:14:19]}
{[%emt 00:00:32]} Nd5 {[%clk 00:39:46]} {[%emt 00:04:20]} 27. Re4 {[%clk
00:12:39]} {[%emt 00:02:10]} Qc5 {[%clk 00:39:51]} {[%emt 00:00:25]} 28. Nxd5
{[%clk 00:11:27]} {[%emt 00:01:43]} Qxd5 {[%clk 00:40:09]} {[%emt 00:00:12]} 29.
Rd1 {[%clk 00:10:29]} {[%emt 00:01:28]} Qa5 {[%clk 00:38:13]} {[%emt 00:02:26]}
30. f4 {[%clk 00:08:29]} {[%emt 00:02:30]} Red8 {[%clk 00:25:54]} {[%emt
00:12:48]} 31. Rxd8+ {[%clk 00:08:43]} {[%emt 00:00:17]} Qxd8 {[%clk 00:26:22]}
{[%emt 00:00:03]} 32. Kh2 {[%clk 00:09:02]} {[%emt 00:00:11]} Qb6 {[%clk
00:26:47]} {[%emt 00:00:05]} 33. Rb4 {[%clk 00:08:42]} {[%emt 00:00:49]} Qe3
{[%clk 00:21:13]} {[%emt 00:06:04]} 34. Re4 {[%clk 00:09:00]} {[%emt 00:00:12]}
Qb6 {[%clk 00:21:27]} {[%emt 00:00:16]} 35. Rb4 {[%clk 00:06:20]} {[%emt
00:03:10]} Qe3 {[%clk 00:21:50]} {[%emt 00:00:07]} 36. Re4 {[%clk 00:06:46]}
{[%emt 00:00:05]} 1/2-1/2

[Event "Championnat de Belgique \"Experts\" 2018"]
[Site "Roux, Belgium"]
[Date "2018.08.01"]
[Round "6.5"]
[White "Ringoir, Tanguy"]
[Black "Bomans, Arno"]
[Result "1-0"]
[WhiteTitle "GM"]
[BlackTitle "FM"]
[WhiteElo "2530"]
[BlackElo "2248"]

1. d4 {[%clk 01:30:55]} {[%emt 00:00:04]} f5 {[%clk 01:30:51]} {[%emt
00:00:09]} 2. g3 {[%clk 01:31:19]} {[%emt 00:00:05]} Nf6 {[%clk 01:31:16]}
{[%emt 00:00:05]} 3. Bg2 {[%clk 01:31:44]} {[%emt 00:00:05]} g6 {[%clk
01:31:19]} {[%emt 00:00:28]} 4. c3 {[%clk 01:32:07]} {[%emt 00:00:06]} Bg7
{[%clk 01:31:05]} {[%emt 00:00:43]} 5. Qb3 {[%clk 01:32:29]} {[%emt 00:00:08]}
d5 {[%clk 01:31:16]} {[%emt 00:00:20]} 6. Nh3 {[%clk 01:32:17]} {[%emt
00:00:42]} a5 {[%clk 01:23:32]} {[%emt 00:08:15]} 7. c4 {[%clk 01:18:13]}
{[%emt 00:14:34]} a4 {[%clk 01:11:49]} {[%emt 00:12:13]} 8. Qd3 {[%clk
01:05:40]} {[%emt 00:13:01]} e6 {[%clk 01:05:18]} {[%emt 00:07:01]} 9. O-O
{[%clk 01:05:13]} {[%emt 00:00:57]} O-O {[%clk 01:05:14]} {[%emt 00:00:34]} 10.
Nc3 {[%clk 01:04:40]} {[%emt 00:01:03]} Nc6 {[%clk 01:02:30]} {[%emt 00:03:14]}
11. cxd5 {[%clk 01:02:09]} {[%emt 00:03:02]} Nb4 {[%clk 00:53:00]} {[%emt
00:10:00]} 12. Qd1 {[%clk 01:00:52]} {[%emt 00:01:47]} Nfxd5 {[%clk 00:49:52]}
{[%emt 00:03:38]} 13. Nxa4 {[%clk 00:58:33]} {[%emt 00:02:49]} Bxd4 {[%clk
00:43:49]} {[%emt 00:06:33]} 14. Qxd4 {[%clk 00:53:26]} {[%emt 00:05:37]} Nc2
{[%clk 00:40:49]} {[%emt 00:03:30]} 15. Qd1 {[%clk 00:50:45]} {[%emt 00:03:10]}
Nxa1 {[%clk 00:34:12]} {[%emt 00:07:07]} 16. Bh6 {[%clk 00:51:10]} {[%emt
00:00:05]} Re8 {[%clk 00:31:54]} {[%emt 00:02:49]} 17. Qxa1 {[%clk 00:51:11]}
{[%emt 00:00:29]} e5 {[%clk 00:29:33]} {[%emt 00:02:51]} 18. Rd1 {[%clk
00:49:31]} {[%emt 00:02:09]} c6 {[%clk 00:29:21]} {[%emt 00:00:43]} 19. Nc3
{[%clk 00:49:48]} {[%emt 00:00:13]} Be6 {[%clk 00:25:15]} {[%emt 00:04:35]} 20.
Ng5 {[%clk 00:45:53]} {[%emt 00:04:25]} Nxc3 {[%clk 00:25:34]} {[%emt
00:00:11]} 21. Rxd8 {[%clk 00:43:20]} {[%emt 00:03:03]} Rexd8 {[%clk 00:17:10]}
{[%emt 00:08:55]} 22. bxc3 {[%clk 00:43:43]} {[%emt 00:00:06]} Bc4 {[%clk
00:16:13]} {[%emt 00:01:28]} 23. Bf1 {[%clk 00:41:55]} {[%emt 00:02:18]} b5
{[%clk 00:14:51]} {[%emt 00:01:51]} 24. e4 {[%clk 00:41:59]} {[%emt 00:00:26]}
Bxa2 {[%clk 00:14:56]} {[%emt 00:00:26]} 25. c4 {[%clk 00:42:10]} {[%emt
00:00:18]} Re8 {[%clk 00:12:37]} {[%emt 00:02:49]} 26. cxb5 {[%clk 00:42:28]}
{[%emt 00:00:13]} Bd5 {[%clk 00:12:16]} {[%emt 00:00:50]} 27. Qd1 {[%clk
00:41:52]} {[%emt 00:01:06]} fxe4 {[%clk 00:12:29]} {[%emt 00:00:18]} 28. bxc6
{[%clk 00:42:17]} {[%emt 00:00:05]} 1-0

[Event "Championnat de Belgique \"Experts\" 2018"]
[Site "Roux, Belgium"]
[Date "2018.08.01"]
[Round "6.3"]
[White "Fontaine, Quentin"]
[Black "Dardha, Daniel"]
[Result "1-0"]
[WhiteTitle "FM"]
[BlackTitle "FM"]
[WhiteElo "2313"]
[BlackElo "2330"]

1. e4 {[%clk 01:30:52]} {[%emt 00:00:08]} c5 {[%clk 01:30:34]} {[%emt
00:00:26]} 2. Nf3 {[%clk 01:31:16]} {[%emt 00:00:06]} g6 {[%clk 01:31:01]}
{[%emt 00:00:04]} 3. d4 {[%clk 01:31:39]} {[%emt 00:00:06]} cxd4 {[%clk
01:31:27]} {[%emt 00:00:04]} 4. Nxd4 {[%clk 01:32:05]} {[%emt 00:00:04]} Bg7
{[%clk 01:31:53]} {[%emt 00:00:04]} 5. Nc3 {[%clk 01:32:25]} {[%emt 00:00:10]}
Nc6 {[%clk 01:32:20]} {[%emt 00:00:03]} 6. Be3 {[%clk 01:32:50]} {[%emt
00:00:05]} Nf6 {[%clk 01:32:37]} {[%emt 00:00:14]} 7. Bc4 {[%clk 01:32:30]}
{[%emt 00:00:50]} Qa5 {[%clk 01:32:35]} {[%emt 00:00:32]} 8. O-O {[%clk
01:32:40]} {[%emt 00:00:19]} O-O {[%clk 01:33:01]} {[%emt 00:00:05]} 9. Bb3
{[%clk 01:33:03]} {[%emt 00:00:07]} d6 {[%clk 01:32:33]} {[%emt 00:00:59]} 10.
h3 {[%clk 01:33:28]} {[%emt 00:00:05]} Bd7 {[%clk 01:32:21]} {[%emt 00:00:42]}
11. Re1 {[%clk 01:33:30]} {[%emt 00:00:28]} Rfe8 {[%clk 01:24:03]} {[%emt
00:08:48]} 12. Nf3 {[%clk 01:33:15]} {[%emt 00:00:41]} b5 {[%clk 00:58:03]}
{[%emt 00:26:33]} 13. Bd2 {[%clk 01:24:32]} {[%emt 00:09:13]} Qb6 {[%clk
00:51:09]} {[%emt 00:07:24]} 14. Nd5 {[%clk 01:10:40]} {[%emt 00:14:22]} Nxd5
{[%clk 00:51:10]} {[%emt 00:00:29]} 15. exd5 {[%clk 01:10:59]} {[%emt
00:00:11]} Na5 {[%clk 00:50:20]} {[%emt 00:01:20]} 16. Rb1 {[%clk 00:57:51]}
{[%emt 00:13:38]} Rac8 {[%clk 00:46:53]} {[%emt 00:03:57]} 17. Be3 {[%clk
00:55:55]} {[%emt 00:02:26]} Qb7 {[%clk 00:44:12]} {[%emt 00:03:10]} 18. Bd4
{[%clk 00:53:35]} {[%emt 00:02:51]} Bxd4 {[%clk 00:32:15]} {[%emt 00:12:27]} 19.
Qxd4 {[%clk 00:53:22]} {[%emt 00:00:42]} Bf5 {[%clk 00:31:24]} {[%emt
00:01:21]} 20. Rbc1 {[%clk 00:47:08]} {[%emt 00:06:44]} Rc5 {[%clk 00:30:23]}
{[%emt 00:01:33]} 21. Red1 {[%clk 00:47:20]} {[%emt 00:00:17]} Rec8 {[%clk
00:29:58]} {[%emt 00:00:54]} 22. c3 {[%clk 00:46:40]} {[%emt 00:01:11]} b4
{[%clk 00:25:11]} {[%emt 00:05:17]} 23. c4 {[%clk 00:45:26]} {[%emt 00:01:44]}
Qb6 {[%clk 00:20:23]} {[%emt 00:05:18]} 24. Qh4 {[%clk 00:40:58]} {[%emt
00:04:58]} Qd8 {[%clk 00:12:05]} {[%emt 00:08:49]} 25. Ng5 {[%clk 00:31:44]}
{[%emt 00:09:44]} h5 {[%clk 00:12:24]} {[%emt 00:00:11]} 26. g4 {[%clk
00:30:49]} {[%emt 00:01:25]} Bd7 {[%clk 00:06:41]} {[%emt 00:06:13]} 27. gxh5
{[%clk 00:31:05]} {[%emt 00:00:14]} Bf5 {[%clk 00:07:09]} {[%emt 00:00:02]} 28.
hxg6 {[%clk 00:30:47]} {[%emt 00:00:48]} Bxg6 {[%clk 00:07:34]} {[%emt
00:00:05]} 29. Bc2 {[%clk 00:29:44]} {[%emt 00:01:32]} Rxc4 {[%clk 00:07:10]}
{[%emt 00:00:55]} 30. Be4 {[%clk 00:17:35]} {[%emt 00:12:40]} Rxc1 {[%clk
00:03:37]} {[%emt 00:04:03]} 31. Bxg6 {[%clk 00:17:20]} {[%emt 00:00:44]} Rxd1+
{[%clk 00:04:02]} {[%emt 00:00:05]} 32. Kh2 {[%clk 00:16:56]} {[%emt 00:00:53]}
Rh1 {[%clk 00:03:37]} {[%emt 00:00:56]} 33. Kxh1 {[%clk 00:17:10]} {[%emt
00:00:16]} Kg7 {[%clk 00:04:05]} {[%emt 00:00:02]} 34. Qh7+ {[%clk 00:16:21]}
{[%emt 00:01:19]} Kf6 {[%clk 00:04:33]} {[%emt 00:00:01]} 35. Qxf7+ {[%clk
00:15:57]} {[%emt 00:00:54]} Kxg5 {[%clk 00:04:47]} {[%emt 00:00:17]} 36. h4+
{[%clk 00:16:08]} {[%emt 00:00:20]} 1-0

[ePGN "0.1;DGT LiveChess/2.1"]